000 01210nam1a22002051 4500
001 RU\NLR\A1SV\33738
005 20251203152403.2
035 _a(NLR Aleph) 009717149
090 _a13479500
_c13479500
100 _a20000630d1918 u y0rusy50 ca
101 0 _arus
200 1 _aКраткие сведения о вероятности, материальной части артиллерии и ручном оружии
215 _a[2], 38 с.
_cчерт.
461 1 _1001RU\NLR\A1SV\33735
_12000#$aКурс артиллерии для ускоренной подготовки в инструктора$fСост. П.А.Гельвих$vРепетиция 3
_1700#1$aГельвих$bП.А.$f1873-$gПетр Августович$4070
_99859527
_aГельвих, П.А. (1873-1958)
_cПг.
_d1918
_fСост. П.А.Гельвих
_nЛит. 2-х Сов. арт. Петрогр. команд. курсов
_tОбщия сведения по артиллерии. - Курс артиллерии для ускоренной подготовки в инструктора
_vРепетиция 3
801 0 _aRU
_bNLR
_c20000630
852 _aNLR
_j17.150.7.273
942 _cBOOK
980 _aA1SV
980 _aNB